1771 1463 1341 1463 1886 1073 1035 1794 1380 1748 1074 1681 1632 1658 1842 1287 1177 1370 1532 1622 1214 1619 1313 1277 1175 1610 1348 1025 1914 1418 1139 1368 1454 1836 1572 1404 1152 1036 1436 1158 1339 1862 1059 1669 1569 1730 1791 1025 1836 1232 1318 1194 1659 1936 1545 1707 1863 1573 1455 1896 1327 1732 1723 1364 1619 1967 1232 1407 1392 1987 1437 1822 1262 1222 1636 1741 1744 1082 1230 1024 1041 1786 1153 1165 1537 1483 1846 1273 1700 1825 1614 1299 1037 1824 1828 1116 1840 1143 1096 BCNSPRNW ULIB Ver.6.0+V

เปลี่ยนเป็นภาษาไทย

Change to English
 แสดงรายละเอียดบรรณานุกรม
  กลับหน้าหลัก

Brief Record : Get Marc (ISO 2709) : E-mail record : QR code < ปิดหน้าต่าง
LEADER : 00000nam 2200000uu 4500
001    13399128566
003     ULIB
008    230912s2565||||th 000 0 tha d
020    ^a9786168012253
060 04 ^aWY32^bผ931
245 10 ^aแผนกลยุทธ์การพยาบาลและการผดุงครรภ์ พ.ศ. 2565-2569 /^cสภาการพยาบาล ; บรรณาธิการ ประคิณ สุจฉายา
250    ^aพิมพ์ครั้งที่ 1
260    ^aนนทบุรี :^bสื่อตะวัน,^c2565
300    ^a132 หน้า :^bภาพประกอบ ;^c30 ซม.
650  4 ^aการพยาบาล
650  4 ^aแผนพัฒนาเศรษฐกิจและสังคมแห่งชาติ
700 0  ^aประคิณ สุจฉายา,^eบรรณาธิการ
710 2  ^aสภาการพยาบาล
945    ^p0^l0^i010312
999    ^aประนอม เกษจรัล
รายการนี้ยังไม่มีแท็ก
คุณยังไม่ได้ล็อกอิน คุณสามารถมีกิจกรรมร่วมกับเว็บไซต์ได้ แต่ต้องล็อกอินก่อน ::
  ล็อกอิน

รายการสื่อสารสนเทศ

ลำดับที่ ประเภท เลขเรียก/บาร์โค้ด สถานที่ สถานะ
1. Book การพยาบาล
หนังสือสำรอง
สถานะ=หนังสือสำรอง
WY32 ผ931 ฉ.1 
  Barcode: 010312
ห้องสมุดวิทยาเขตสวรรค์ประชารักษ์
►หนังสือทั่วไป
บนชั้น

รายการใกล้เคียง
    หัวเรื่อง [การพยาบาล]
    หัวเรื่อง [แผนพัฒนาเศรษฐกิจและสังคมแห่งชาติ]

BibComment


ยังไม่เคยถูกคอมเมนท์

คอมเมนท์ทรัพยากรรายการนี้
  คอมเมนท์: แผนกลยุทธ์การพยา..


 Copyright 2026. Bcnsprnw @Library